000 00992nam a2200325 c 4500
999 _c100142
_d100142
003 BLK
005 20240426130300.0
008 180409b bul|||||r ||||||| ||bul||
010 _aKNG00105160000
020 _a954-8348-53-5
040 _aBLK
041 _aBUL
_cBUL
080 _aБългарска литература
_b821.163.2
_x-1
_z821.163.2-1
100 _aРубчев, Атанас Димов
_gРусенски поет
_9256928
139 _aРубчев, Атанас Димов
_bР 90
245 1 0 _aПаметта на болката
_bСтихове
_cАтанас Димов Рубчев.
257 _aBGR
260 _bЛуна
_c2002
300 _a64 с.
_bс портр., ил.
_c20 см
380 _aX
659 _aК
852 _aЦб 214243
852 _aК 821.163.2/Р 90 А
856 4 _qpdf
856 4 _qpdf
942 _cKNG
_n0
_s1
944 _aCR
_c01.01.2002
_k30550
_lКети Илиева
944 _aED
_c21.02.2011
999 _d100142